000 00308nam a2200133 i 4500
001 bg
100 1 _aSECHOVCOV, N. A.
245 0 _aMagnitnyje mass-spektrometry /
_cN.A. Sechovcov.
260 _aMoskva,
_c1971.
040 _cBPK
041 _apol
942 _cKS
008 s pl f |000 0 pol
999 _c9154
_d9154
856 _uhttp://koha.tu.koszalin.pl/cgi-bin/koha/opac-detail.pl?biblionumber=9154
_yKatalog online BPK